| 000 | 00621nam a22002057a 4500 | ||
|---|---|---|---|
| 005 | 20150611145914.0 | ||
| 010 | _aENG-113005 | ||
| 020 |
_a9788179104422 _c495.00 |
||
| 035 | _aEN-96537 | ||
| 037 | _bDBAD/PUB | ||
| 082 | _a303.61 | ||
| 100 | _aRawat, Rajesh | ||
| 245 |
_aGandhi and non- violence / _cby Rajesh Rawat [and] Ashok Sharma |
||
| 260 |
_aJaipur _bAavishkar Publishers _c2013 |
||
| 270 |
_a807, Vyas Building, Chaura Rasta _bJaipur _e302003 |
||
| 300 |
_ax,134p. _c22cm(Hb) |
||
| 500 | _aIncludes bibliographical references | ||
| 700 | _aSharma, Ashok | ||
| 942 |
_2ddc _cEN _mRAW _h303.61 |
||
| 999 |
_c93495 _d93495 |
||